| 000 | 00699nam a2200241 a 4500 | ||
|---|---|---|---|
| 001 | 76617 | ||
| 003 | BD-RjUL | ||
| 005 | 20211209082850.0 | ||
| 008 | 000000s1962 nyu 000 1 eng | ||
| 035 | _amrg90-675032 | ||
| 035 | _a(BD-RjUL)76841 | ||
| 035 | _aOCLC ocm21488582 from D950502M | ||
| 040 |
_aBRL _cBRL _dEQO _dBD-RjUL _beng |
||
| 041 | _aeng | ||
| 082 |
_223 _a823.912 _bCAM 1962 |
||
| 100 | 1 |
_aCary, Joyce, _d1888-1957. _9236920 |
|
| 245 | 1 | 0 |
_aMister Johnson / _cby Joyce Cary |
| 250 | _aTime reading program special ed | ||
| 260 |
_aNew York : _bTime inc, _c1962. |
||
| 300 |
_axv, 300 p. ; _c21 cm. |
||
| 650 |
_aFiction in English, _x1900-1945 - Texts _9236921 |
||
| 942 |
_2ddc _cBK |
||
| 999 |
_c76617 _d76617 |
||